Úvod do práce na osobním počítači : Hit pro uživatele /

Salvato in:
Dettagli Bibliografici
Autori principali: Spáčil, Ivo (Autore), Panoc, Miroslav (Autore)
Natura: Libro
Lingua:ceco
Pubblicazione: Ostrava : Span, 1991
Edizione:2.rozš.vyd.
Soggetti:
Tags: Aggiungi Tag
Nessun Tag, puoi essere il primo ad aggiungerne!!

MARC

LEADER 00000nam a22000003a 4500
001 stu42226
005 20150617225720.8
008 940222s1991----cs------------------cze-d
040 |a STU  |b slo 
041 0 |a cze 
044 |a cs 
080 |a 681.31(035) 
100 1 |a Spáčil, Ivo  |4 aut 
245 1 |a Úvod do práce na osobním počítači :  |b Hit pro uživatele /  |c [aut.]Ivo Spáčil, Miroslav Panoc 
250 |a 2.rozš.vyd. 
260 |a Ostrava :  |b Span,  |c 1991 
300 |a 196 s 
650 7 |a počítače osobné  |2 stusub 
650 7 |a príručky  |2 stusub 
700 1 |a Panoc, Miroslav  |4 aut 
996 |b 284M034829  |c M*7857-1  |l MMKN  |s A  |a 24  |w stu42226_0001 
996 |b 284M021023  |c M*7857-2  |l MMKN  |s A  |a 24  |w stu42226_0002